Caricamento...
Sheebarajniyude Nattil
| Autore principale: | |
|---|---|
| Natura: | Printed Book |
| Lingua: | Malayalam |
| Pubblicazione: |
T. C. Johannan
T. C. Johannan
1973
|
| LEADER | 00470nam a2200133Ia 4500 | ||
|---|---|---|---|
| 008 | 111205s9999 xx 000 0 mal d | ||
| 082 | |a 800 F DOY/B | ||
| 100 | |a John ,Jecob | ||
| 245 | |a Sheebarajniyude Nattil |c John ,Jecob | ||
| 260 | |b T. C. Johannan |a T. C. Johannan |c 1973 | ||
| 300 | |a 167 | ||
| 942 | |c BK | ||
| 999 | |c 222914 |d 222914 | ||
| 952 | |0 0 |1 0 |2 ddc |4 0 |6 916_300000000000000_JAC_S |7 0 |9 246136 |a MAL |b MAL |c ST1 |d 1982-07-31 |g 7.00 |l 0 |o 916.3 JAC/S |p MAL11899 |r 2011-12-05 |v 7.00 |w 2011-12-05 |y BK | ||